| Tag |
First Indicator |
Second Indicator |
Subfields |
| LEADER |
00000cam a22000004a 4500 |
| 001 |
in00002013017 |
| 005 |
20151031143326.0 |
| 008 |
040406s2004 riua b 100 0 eng |
| 010 |
|
|
|a 2004040314
|
| 020 |
|
|
|a 082183665X
|
| 035 |
|
|
|a (OCoLC)ocm54953003
|
| 040 |
|
|
|a DLC
|c DLC
|d TXA
|d UtOrBLW
|
| 042 |
|
|
|a pcc
|
| 049 |
|
|
|a TXAM
|
| 050 |
0 |
0 |
|a QA614.58
|b .I527 2002
|
| 082 |
0 |
0 |
|a 516.3/5
|2 22
|
| 111 |
2 |
|
|a International Workshop on Real and Complex Singularities
|n (7th :
|d 2002 :
|c Instituto de Ciências Matemáticas e de Computação, Universidade de São Paulo)
|
| 245 |
1 |
0 |
|a Real and complex singularities :
|b proceedings of the Seventh International Workshop on Real and Complex Singularities, July 29-August 2, 2002, ICMC-USP, São Carlos, Brazil /
|c Terence Gaffney, Maria Aparecida Soares Ruas, editors.
|
| 264 |
|
1 |
|a Providence, R.I. :
|b American Mathematical Society,
|c [2004]
|
| 264 |
|
4 |
|c ©2004
|
| 300 |
|
|
|a xii, 324 pages :
|b illustrations ;
|c 26 cm.
|
| 336 |
|
|
|a text
|b txt
|2 rdacontent
|
| 337 |
|
|
|a unmediated
|b n
|2 rdamedia
|
| 338 |
|
|
|a volume
|b nc
|2 rdacarrier
|
| 490 |
1 |
|
|a Contemporary mathematics,
|x 0271-4132 ;
|v 354
|
| 504 |
|
|
|a Includes bibliographical references.
|
| 650 |
|
0 |
|a Singularities (Mathematics)
|v Congresses.
|
| 700 |
1 |
|
|a Gaffney, Terence.
|
| 700 |
1 |
|
|a Ruas, Maria Aparecida Soares,
|d 1948-
|
| 830 |
|
0 |
|a Contemporary mathematics (American Mathematical Society) ;
|v v. 354.
|
| 948 |
|
|
|a cataloged
|b h
|c 2004/11/22
|d c
|e dmitchel
|f 9:00:00 am
|
| 994 |
|
|
|a E0
|b TXA
|
| 999 |
|
|
|a MARS
|
| 999 |
f |
f |
|s e2e3170c-9694-317d-ad84-e56f1cc36232
|i ba3a6383-6c11-3edd-a68c-db23c3742df7
|t 0
|
| 952 |
f |
f |
|p normal
|a Texas A&M University
|b College Station
|c Sterling C. Evans Library
|d Evans: Library Stacks
|t 0
|e QA614.58 .I527 2002
|h Library of Congress classification
|i unmediated -- volume
|m A14831638320
|
| 998 |
f |
f |
|a QA614.58 .I527 2002
|t 0
|l Evans: Library Stacks
|